| 000 | 00797nam a2200205 a 4500 | ||
|---|---|---|---|
| 008 | 120217s2010 ||||||||||||||||| || u | ||
| 020 | _a9780340927694 | ||
| 050 | _aRM 302.5 Adv | ||
| 100 | _aKaralliedde, Lakshman | ||
| 245 | 1 | 0 |
_aAdverse drug interactions: a handbook for prescribers _cby Lakshman Karalliedde; [and others] |
| 260 |
_aLondon: _bHodder Arnold _c2010 |
||
| 300 | _alxxv, 771p.: ill. | ||
| 350 | _a0.00 | ||
| 650 | _aDRUGS--SIDE EFFECTS--HANDBOOKS, MANUALS, ETC | ||
| 650 | _aDRUG INTERACTIONS--HANDBOOKS, MANUALS, ETC | ||
| 700 | _aKaralliedde, Janaka | ||
| 700 | _aClarke, Simon F. J | ||
| 700 | _aCollignon, Ursula | ||
| 995 |
_aREFERENCE BOOKS _e901532 _FCBU-SCHOOL OF MEDICINE LIBRARY (Ndola) _I0.00 _jRM 302.5 Adv _M1 _UREFERENCE _WJun 27, 2012 _y901532 _ZReference Collection |
||
| 999 |
_c30716 _d30716 |
||